Normal view
MARC view
- MS-CSE-13
Entry Topical Term
001 - CONTROL NUMBER
- control field: 85079
003 - CONTROL NUMBER IDENTIFIER
- control field: NUST
005 - DATE AND TIME OF LATEST TRANSACTION
- control field: 20211125102111.0
008 - FIXED-LENGTH DATA ELEMENTS
- fixed length control field: 211125|| aca||aabn | a|a d
040 ## - CATALOGING SOURCE
- Original cataloging agency: NUST
- Transcribing agency: NUST
150 ## - HEADING--TOPICAL TERM
- Topical term or geographic name entry element: MS-CSE-13
670 ## - SOURCE DATA FOUND
- Source citation: Work cat.: (NUST)577095: Nousheen Hashmi 70037, TH-SOF-1206-Heuristics for Optimized Power Management in Nano-Grid Based Smart Homes, 2015
